000 00667nam a2200289Ia 4500
005 20260324125825.0
008 008 260324s9999 xx 000 0 eng d
020 _a9780429240225
037 _aEBOOK
040 _aCRL
040 _beng
040 _cCRL
041 _2eng
041 _aeng
084 _qCRL
100 _aBernd Carsten Stahl
_91179463
245 0 _aInformation Systems
245 0 _bCritical Perspectives
260 _bTaylor and Francis
260 _c2008
365 _a
365 _b70.99
856 _uhttp://www.taylorfrancis.com/books/9780429240225
942 _cEBOOK
999 _c1775048
_d1775048